000
00245nam a2200097Ia 4500
001
725085
005
20250826163402.0
008
250824s9999 xx 000 0 und d
245
0
_a
KAYIP ÖYKÜLER
_c
JOHN FLANAGAN
260
_b
BEYAZ BALİNA YAYINLARI
999
_c
725085
_d
725085